[Event "FRA-ch Blitz"]
[Site "Asnieres sur Seine"]
[Date "2023.06.24"]
[Round "2"]
[White "Fressinet, Laurent"]
[Black "Brion, Marwan"]
[Result "1-0"]
[WhiteElo "2632"]
[BlackElo "1882"]
[PlyCount "71"]
[EventDate "2023.06.24"]
[EventType "swiss (blitz)"]
[EventRounds "13"]
[EventCountry "FRA"]
[SourceTitle "CBM 214 Extra"]
[Source "ChessBase"]
[SourceDate "2023.07.31"]
[SourceVersion "1"]
[SourceVersionDate "2023.07.31"]
[SourceQuality "1"]

1. d4 Nf6 2. Nf3 c5 3. d5 d6 4. Nc3 g6 5. e4 Bg7 6. Bb5+ Bd7 7. a4 0-0 8. h3 Na6 9. 0-0 Nc7 10. Be2 b6 11. Bf4 a6 12. e5 Nfe8 13. Re1 b5 14. Qd2 b4 15. Ne4 Bf5 16. Ng3 dxe5 17. Nxe5 Qxd5 18. Qe3 Rd8 19. Bc4 Qa8 20. Nxf5 gxf5 21. Nxf7 Rxf7 22. Bxc7 Nxc7 23. Bxf7+ Kxf7 24. Qxe7+ Kg8 25. Qxc7 Kh8 26. Re7 Rg8 27. Rae1 Qf8 28. Qd7 Qf6 29. Re8 Bf8 30. Qe6 Qg7 31. Qe5 Qxe5 32. R1xe5 Bg7 33. Rxg8+ Kxg8 34. Rxc5 Bxb2 35. Ra5 Bc3 36. Rxa6 1-0